| 000 | 00978pam a2200325 a 4500 | ||
|---|---|---|---|
| 001 | 6171 | ||
| 003 | FISKH | ||
| 005 | 20250826142034.0 | ||
| 008 | 930721s1994 nyua j 000 1 eng | ||
| 010 | _a 93027117 | ||
| 020 | _a068812786X (trade) : | ||
| 020 | _a0688127878 (library) | ||
| 040 |
_aDLC _cDLC _dDLC _beng |
||
| 050 | _aPZ7.D6224 C | ||
| 082 | _a808.068 | ||
| 100 | 2 | _aDiSalvo, DyAnne. | |
| 245 | 1 | 0 |
_aCity green / _cDyAnne DiSalvo-Ryan. |
| 260 |
_aNew York : _bScholastic, _c1994. |
||
| 300 |
_a31 pages : _bcolor illustrations ; _c26 cm |
||
| 505 | _aN | ||
| 520 | _aMarcy and Miss Rosa start a campaign to clean up an empty lot and turn it into a community garden. | ||
| 521 | 8 |
_a570
_bLexile AD |
|
| 521 | 8 |
_aN
_bRaz-Plus |
|
| 650 | 1 |
_aCommunity gardens _xFiction. |
|
| 650 | 1 |
_aGardens _xFiction. |
|
| 650 | 1 |
_aCity and town life _xFiction. |
|
| 906 |
_a7 _bcbc _corignew _d1 _eocip _f19 _gy-gencatlg |
||
| 942 |
_2ddc _cBK _n0 |
||
| 999 |
_c6171 _d6171 |
||